| 000 | 00989nam a22002537a 4500 | ||
|---|---|---|---|
| 005 | 20170124102946.0 | ||
| 010 | _aB-075208 | ||
| 020 |
_c275.00 _a8170557240 |
||
| 035 | _aB-075208 | ||
| 037 | _bCen Lib/Ret | ||
| 040 |
_aDPL _bHN |
||
| 082 |
_a821 _bरावत |
||
| 100 |
_aरावत, भगवत _949785 |
||
| 245 |
_aहमने उनके घर देखे / _cभगवत रावत |
||
| 246 |
_aHumne unke ghar dekhe / _bby Bhagwat Rawat |
||
| 260 |
_aनई दिल्ली _bवाणी प्रकाशन _c2001 |
||
| 270 |
_bनई दिल्ली _a21-ए, दरियागंज _e110002 |
||
| 300 |
_a261पृ. _c20सेमी(सजिल्द) |
||
| 650 |
_aहिंदी साहित्य _949786 |
||
| 650 |
_aहिंदी साहित्य -- कविता _93490 |
||
| 650 |
_aHindi literature _949787 |
||
| 650 |
_aHindi literature -- Poetry _949788 |
||
| 942 |
_2ddc _cHN _h821 _mरावत |
||
| 999 |
_c112931 _d112931 |
||